000
00304nam a22001337a 4500
008
170313b xxu||||| |||| 00| 0 eng d
020
_a
9781574440522
041
_a
eng
080
_a
591
100
_a
7
101
_a
SHM
245
_a
INTERRELATIONSHIP BETWEEEN AND PLANTS
_c
JOLIVET.P
942
_2
udc
_c
BK
999
_c
7662
_d
7662